LEADER 02017nas 2200397 n 450 001 990008882800403321 005 20240229084306.0 011 $a0077-6149 035 $a000888280 035 $aFED01000888280 035 $a(Aleph)000888280FED01 035 $a000888280 091 $2CNR$aP 00011045 100 $a20090724a18529999km-y0itaa50------ba 101 0 $ager 110 $aauu-------- 200 1 $aAbhandlungen der Naturhistorischen Gesellschaft zu Nuernberg 207 1$a1852- 210 $aNürnberg$cNaturhistorische Gesellschaft Nurnberg e. V 530 0 $aAbhandlungen der Naturhistorischen Gesellschaft zu Nuernberg 675 $a502 675 $a50(091) 712 02$aNaturhistorische Gesellschaft zu Nürnberg 801 0$aIT$bACNP$c20090723 859 4 $uhttp://acnp.cib.unibo.it/cgi-ser/start/it/cnr/dc-p1.tcl?catno=5013&person=false&language=ITALIANO&libr=&libr_th=unina1$zBiblioteche che possiedono il periodico 901 $aSE 912 $a990008882800403321 958 $aBiblioteca Centralizzata. Facoltą di Agraria dell'Universitą Federico II di Napoli$b1902-1939;$fFAGBC 958 $aBiblioteca del Dipartimento di Entomologia e Zoologia Agraria dell'Universitą degli Studi di Napoli Federico II$b1906-1913;$fDAGEN 959 $aFAGBC 959 $aDAGEN 996 $aAbhandlungen der Naturhistorischen Gesellschaft zu Nuernberg$9802141 997 $aUNINA AP1 8 $6866-01$aNA087 Biblioteca Centralizzata. Facoltą di Agraria dell'Universitą Federico II di Napoli$ev. Universitą, 100 Palazzo Reale, 80055 Portici (NA)$m081-2539322$m081-7760229$nit AP1 8 $6866-02$aNA219 Biblioteca del Dipartimento di Entomologia e Zoologia Agraria dell'Universitą degli Studi di Napoli Federico II$eVia Universitą, 100, 80055 Portici (NA)$m0812539188$m0817755145$nit AP2 40$aacnp.cib.unibo.it$nACNP Italian Union Catalogue of Serials$uhttp://acnp.cib.unibo.it/cgi-ser/start/it/cnr/df-p.tcl?catno=5013&language=ITALIANO&libr=&person=&B=1&libr_th=unina&proposto=NO LEADER 01060nam0 22002771i 450 001 UON00385508 005 20231205104548.540 010 $a978-38-433-5867-5 100 $a20101103d2010 |0itac50 ba 101 $aeng 102 $aDE 105 $a|||| ||||| 200 1 $aAngola$eBiography of a peace process 1991-2002$ethe construction of peace narratives$fMichael Comerford 210 $aSaarbrucken$cLap Lambert Academic Publishing$d2010 215 $a266 p.$cill.$d23 cm 606 $aAngola$xStoria$x1991-$3UONC077007$2FI 620 $aDE$dSaarbrücken$3UONL001301 676 $a967.3$cSTORIA DELL'ANGOLA$v21 700 1$aCOMERFORD$bMichael$3UONV199339$0704564 712 $aLap Lambert Academic$3UONV277652$4650 801 $aIT$bSOL$c20250530$gRICA 899 $aSIBA - SISTEMA BIBLIOTECARIO DI ATENEO$2UONSI 912 $aUON00385508 950 $aSIBA - SISTEMA BIBLIOTECARIO DI ATENEO$dSI ST 579 $eSI AA 30511 7 579 996 $aAngola$91353632 997 $aUNIOR